Statystyki dla 15 krajów o największej liczbie zgonów Covid19 - 16 maja

Kliknij tutaj aby rozwiązać quiz!

Ogólne statystyki

  • Ten quiz został rozwiązany 31 razy
  • Średni wynik to 13 z 21

Statystyki odpowiedzi

kraj% Poprawnych
Stany Zjednoczone
100%
Chiny
93%
Hiszpania
93%
Francja
82%
Włochy
79%
Niemcy
75%
Brazylia
71%
Kanada
68%
Meksyk
68%
Wielka Brytania
68%
Holandia
57%
Szwecja
57%
Szwecja
57%
Belgia
54%
Portugalia
50%
Szwajcaria
46%
Turcja
43%
Dania
39%
Iran
36%
Irlandia
36%
Ekwador
7%

Rozkład punktacji

Percentyl według liczby udzielonych odpowiedzi

Procent ludzi z każdym wynikiem

Twoja historia wyników

Nie rozwiązałeś tego quizu